<?xml version="1.0" encoding="UTF-8"?>
<record
    xmlns:xsi="http://www.w3.org/2001/XMLSchema-instance"
    xsi:schemaLocation="http://www.loc.gov/MARC21/slim http://www.loc.gov/standards/marcxml/schema/MARC21slim.xsd"
    xmlns="http://www.loc.gov/MARC21/slim">

  <leader>     nam a22        4500</leader>
  <datafield tag="999" ind1=" " ind2=" ">
    <subfield code="c">79956</subfield>
    <subfield code="d">79952</subfield>
  </datafield>
  <controlfield tag="005">20181126100823.0</controlfield>
  <controlfield tag="008">181126b        xxu||||| |||| 00| 0 eng 0</controlfield>
  <datafield tag="020" ind1=" " ind2=" ">
    <subfield code="a">0801837642</subfield>
  </datafield>
  <datafield tag="040" ind1=" " ind2=" ">
    <subfield code="a">NG-ZaABU</subfield>
    <subfield code="c">NG-ZaABU</subfield>
    <subfield code="d">NG-ZaABU</subfield>
  </datafield>
  <datafield tag="050" ind1=" " ind2=" ">
    <subfield code="a">HF 1359 Gil</subfield>
    <subfield code="b">1353</subfield>
  </datafield>
  <datafield tag="100" ind1=" " ind2=" ">
    <subfield code="9">897</subfield>
    <subfield code="a">Gill, stephen</subfield>
  </datafield>
  <datafield tag="245" ind1=" " ind2=" ">
    <subfield code="a">The global political economy</subfield>
    <subfield code="b">: Perspectives, problems and policies</subfield>
    <subfield code="c">Stephen Gill and David Law</subfield>
    <subfield code="h">[text]</subfield>
  </datafield>
  <datafield tag="260" ind1=" " ind2=" ">
    <subfield code="a">Baltimore</subfield>
    <subfield code="b">John Hopkins University Press</subfield>
    <subfield code="c">1988</subfield>
  </datafield>
  <datafield tag="300" ind1=" " ind2=" ">
    <subfield code="a">xxvi, 394p.ill.</subfield>
  </datafield>
  <datafield tag="504" ind1=" " ind2=" ">
    <subfield code="a">Includes Bibliographical references</subfield>
  </datafield>
  <datafield tag="700" ind1=" " ind2=" ">
    <subfield code="9">898</subfield>
    <subfield code="a">Law, David</subfield>
  </datafield>
  <datafield tag="852" ind1=" " ind2=" ">
    <subfield code="a">Arewa House Library</subfield>
    <subfield code="c">Main collection </subfield>
    <subfield code="p">1353</subfield>
  </datafield>
  <datafield tag="942" ind1=" " ind2=" ">
    <subfield code="2">lcc</subfield>
    <subfield code="c">BK</subfield>
    <subfield code="h">HF</subfield>
    <subfield code="k">1359</subfield>
    <subfield code="m">Gil</subfield>
  </datafield>
  <datafield tag="952" ind1=" " ind2=" ">
    <subfield code="0">0</subfield>
    <subfield code="1">0</subfield>
    <subfield code="2">lcc</subfield>
    <subfield code="4">0</subfield>
    <subfield code="7">0</subfield>
    <subfield code="a">AH</subfield>
    <subfield code="b">AH</subfield>
    <subfield code="d">2018-11-26</subfield>
    <subfield code="l">0</subfield>
    <subfield code="p">30005116360341</subfield>
    <subfield code="r">2018-11-26 00:00:00</subfield>
    <subfield code="w">2018-11-26</subfield>
    <subfield code="y">BK</subfield>
  </datafield>
</record>
